Vulnerabilidad y cultura digital Riesgos y oportunidades de la sociedad hiperconectada /

Detalles Bibliográficos
Autor principal: Blanco Alfonso, Ignacio
Otros Autores: Fernǹdez Martn̕ez, Luis Manuel, Sur̀ez ℓlvarez, Rebeca
Formato: eBook
Lenguaje:español
Publicado: Madrid: Dykinson, 2019
Materias:
Acceso en línea:Acceso restringido

MARC

LEADER 00000nam a22000007a 4500
005 20201020220935.0
007 cr|||| ||||
008 201020s2019 es |||||s|||| 00||0 spa d
020 |a 978-84-1324-733-5 
035 |a 32111 
040 |a vLex 
090 |c 10766  |d 10766 
100 1 |a Blanco Alfonso, Ignacio 
245 1 0 |a Vulnerabilidad y cultura digital  |h [Recurso electrn̤ico] :  |b Riesgos y oportunidades de la sociedad hiperconectada /  |c Ignacio Blanco Alfonso, Luis Manuel Fernǹdez Martn̕ez, Rebeca Sur̀ez ℓlvarez 
256 |a Servicio en ln̕ea 
260 |a Madrid:  |b Dykinson,  |c 2019 
300 |a 1 recurso electrn̤ico 
506 1 |a Disponible solo en los productos indicados  |d vLex Global  |d vLex Global (Academic Edition, excluding Law Schools)  |d vLex Global (U.S. Academic Edition, Law Schools)  |d vLex Global (U.S. Academic Edition, excluding Law Schools)  |d vLex Global (Academic Edition, Law Schools) 
650 0 4 |a Derecho de las Nuevas Tecnologa̕s  |z Espaą 
700 1 |a Fernǹdez Martn̕ez, Luis Manuel 
700 1 |a Sur̀ez ℓlvarez, Rebeca 
740 0 |a vLex Libros (Servicio en ln̕ea) 
856 4 0 |u http://vlex.com/source/vulnerabilidad-cultura-digital-riesgos-oportunidades-sociedad-hiperconectada-32111  |z Acceso restringido 
942 |c BOOK 
999 0 |a New Technologies Law